000 00363nam a2200145Ia 4500
008 210210b1966 xxu||||| |||| 00| 0 eng d
082 _a954.83 AYYS
100 _aAYYAR (K V Krishna).
245 _aShort history of Kerala. Ed 1.
250 _a
260 _aErnakulam.
_bPai & Company.,
_c1966
300 _aix,218
690 _aIndian History
906 _a032475
999 _c83554
_d83554